• AIU
  • Tony Wilmot Memorial Library

A faith for all seasons ; (Record no. 66765)

MARC details
000 -LEADER
fixed length control field 00994cam a22002654a 4500
001 - CONTROL NUMBER
control field 12179174
003 - CONTROL NUMBER IDENTIFIER
control field OSt
005 - DATE AND TIME OF LATEST TRANSACTION
control field 20210923125648.0
008 - FIXED-LENGTH DATA ELEMENTS--GENERAL INFORMATION
fixed length control field 000920s2001 tnuab b 001 0 eng
010 ## - LIBRARY OF CONGRESS CONTROL NUMBER
LC control number 00048628
020 ## - INTERNATIONAL STANDARD BOOK NUMBER
International Standard Book Number 0805423982 (pb)
040 ## - CATALOGING SOURCE
Original cataloging agency DLC
Transcribing agency DLC
Modifying agency DLC
042 ## - AUTHENTICATION CODE
Authentication code pcc
050 00 - LIBRARY OF CONGRESS CALL NUMBER
Classification number BT65
Item number .D62 2001
100 1# - MAIN ENTRY--PERSONAL NAME
Personal name Dorman, Theodore Martin.
9 (RLIN) 52297
245 12 - TITLE STATEMENT
Title A faith for all seasons ;
Remainder of title historic Christian belief in its classical expression /
Statement of responsibility, etc Ted M. Dorman.
250 ## - EDITION STATEMENT
Edition statement 2nd ed.
260 ## - PUBLICATION, DISTRIBUTION, ETC. (IMPRINT)
Place of publication, distribution, etc Nashville, Tenn. :
Name of publisher, distributor, etc Broadman & Holman Publishers,
Date of publication, distribution, etc c 2001.
300 ## - PHYSICAL DESCRIPTION
Extent xxiii, 374 p. :
Other physical details ill., maps ;
Dimensions 23 cm.
504 ## - BIBLIOGRAPHY, ETC. NOTE
Bibliography, etc Includes bibliographical references (p. 359-367) and index.
650 #0 - SUBJECT ADDED ENTRY--TOPICAL TERM
Topical term or geographic name as entry element Theology, Doctrinal.
906 ## - LOCAL DATA ELEMENT F, LDF (RLIN)
a 7
b cbc
c orignew
d 1
e ocip
f 20
g y-gencatlg
942 ## - ADDED ENTRY ELEMENTS (KOHA)
Source of classification or shelving scheme Library of Congress Classification
Koha item type Africana collection (General)
Holdings
Withdrawn status Lost status Source of classification or shelving scheme Damaged status Not for loan Collection code Home library Current library Shelving location Date acquired Source of acquisition Cost, normal purchase price Total Checkouts Full call number Barcode Date last seen Date checked out Copy number Price effective from Koha item type
    Library of Congress Classification     General Circulation AIU/NEGST - Tony Wilmot Memorial Library AIU/NEGST - Tony Wilmot Memorial Library General Stacks 07/26/2021 Donation - Dr. John Dilworth 30.00 1 BT 65.D62 2001 T15764W3232 10/18/2023 10/05/2023 1 09/23/2021 Africana collection (General)